Xử lý số tín hiệu : Phương pháp truyền thống kết hợp với phần mềm MATLAB

Sách nói về tín hiệu rời rạc và các phép toán trên tín hiệu; các hệ thống rời rạc tuyến tính và bất biến với thời gian.

Uloženo v:
Podrobná bibliografie
Hlavní autor: Hồ, Văn Sung
Médium: Kniha
Jazyk:Undetermined
Vydáno: Hà Nội Giáo Dục 2003
Témata:
Tagy: Přidat tag
Žádné tagy, Buďte první, kdo otaguje tento záznam!
Thư viện lưu trữ: Trung tâm Học liệu Trường Đại học Cần Thơ
LEADER 00843nam a2200205Ia 4500
001 CTU_151994
008 210402s9999 xx 000 0 und d
082 |a 621.3822 
082 |b S513/T.1 
100 |a Hồ, Văn Sung 
245 0 |a Xử lý số tín hiệu : 
245 0 |b Phương pháp truyền thống kết hợp với phần mềm MATLAB 
245 0 |c Hồ Văn Sung 
260 |a Hà Nội 
260 |b Giáo Dục 
260 |c 2003 
520 |a Sách nói về tín hiệu rời rạc và các phép toán trên tín hiệu; các hệ thống rời rạc tuyến tính và bất biến với thời gian. 
650 |a Signal Processing,Xử lý tín hiệu số 
904 |i Hằng 
980 |a Trung tâm Học liệu Trường Đại học Cần Thơ